| 000 -LEADER |
| fixed length control field |
00686nam a2200229Ia 4500 |
| 001 - CONTROL NUMBER |
| control field |
16416 |
| 003 - CONTROL NUMBER IDENTIFIER |
| control field |
GE_BSU |
| 005 - DATE AND TIME OF LATEST TRANSACTION |
| control field |
20221110131510.0 |
| 008 - FIXED-LENGTH DATA ELEMENTS--GENERAL INFORMATION |
| fixed length control field |
181216s2015||||enk|||||||||||||| ||eng|| |
| 020 ## - INTERNATIONAL STANDARD BOOK NUMBER |
| International Standard Book Number |
9781439895610x |
| 040 ## - CATALOGING SOURCE |
| Transcribing agency |
GE_BSU |
| 041 ## - LANGUAGE CODE |
| Language code of text/sound track or separate title |
eng |
| 080 ## - UNIVERSAL DECIMAL CLASSIFICATION NUMBER |
| Universal Decimal Classification number |
631.5 G-53 |
| 100 ## - MAIN ENTRY--PERSONAL NAME |
| Personal name |
Gliessman, Stephen R. |
| 9 (RLIN) |
14774 |
| 245 ## - TITLE STATEMENT |
| Title |
Agroecology : |
| Remainder of title |
The Ecology of Sustainable food Systems |
| Statement of responsibility, etc. |
Gliessman, Stephen R.; with Eric W. Engles. |
| 250 ## - EDITION STATEMENT |
| Edition statement |
Third edition. |
| 264 ## - PRODUCTION, PUBLICATION, DISTRIBUTION, MANUFACTURE, AND COPYRIGHT NOTICE |
| Place of production, publication, distribution, manufacture |
Boca Raton, |
| Name of producer, publisher, distributor, manufacturer |
CRC Press/Taylor & Francis Group, |
| Date of production, publication, distribution, manufacture, or copyright notice |
2015. |
| 300 ## - PHYSICAL DESCRIPTION |
| Extent |
371 pages: |
| Other physical details |
ill.; |
| Dimensions |
28 cm. |
| 653 ## - INDEX TERM--UNCONTROLLED |
| keyword |
Agroecology |
| 653 ## - INDEX TERM--UNCONTROLLED |
| keyword |
აგროეკოლოგია |
| 942 ## - ADDED ENTRY ELEMENTS (KOHA) |
| Koha item type |
წიგნი |
| Source of classification or shelving scheme |
|